[Event "Barletta Mascolo Memorial 5th"]
[Site "Barletta"]
[Date "2013.10.06"]
[Round "6"]
[White "Pastore, Giuseppe"]
[Black "De Mola, Paolo"]
[Result "0-1"]
[WhiteElo "1720"]
[BlackElo "1625"]
[PlyCount "106"]
[EventDate "2013.09.28"]
[EventType "swiss"]
[EventRounds "6"]
[EventCountry "ITA"]
[SourceTitle "EXT 2015"]
[Source "ChessBase"]
[SourceDate "2014.11.20"]
[SourceVersion "1"]
[SourceVersionDate "2014.11.20"]
[SourceQuality "1"]

1. d4 e6 2. e3 Nf6 3. Bd3 b6 4. Nf3 Bb7 5. Nbd2 c5 6. c3 Be7 7. 0-0 Qc7 8. Qe2 d5 9. e4 dxe4 10. Nxe4 Nxe4 11. Bxe4 Bxe4 12. Qxe4 Qc6 13. Qg4 Bf6 14. Bg5 Bxg5 15. Qxg5 0-0 16. dxc5 h6 17. Qe5 Qxc5 18. Qxc5 bxc5 19. Rfd1 Nc6 20. Rd6 Ne7 21. Rad1 Ng6 22. b3 a5 23. Rc6 Rfc8 24. Rdd6 Ne7 25. Rxc8+ Rxc8 26. Ne5 Kf8 27. Ra6 Nd5 28. c4 f6 29. Nd7+ Ke8 30. cxd5 Kxd7 31. dxe6+ Ke7 32. f4 g6 33. g4 f5 34. gxf5 gxf5 35. Rxa5 Rc6 36. Kf2 Kxe6 37. Rb5 Kd5 38. b4 Ke4 39. Rxc5 Ra6 40. Ra5 Rd6 41. b5 Kxf4 42. Ra4+ Ke5 43. Rb4 Rd2+ 44. Kg3 Rxa2 45. b6 Ra8 46. b7 Rb8 47. Kf3 Kf6 48. Kf4 Ke6 49. Rb6+ Kd7 50. Kxf5 Kc7 51. Rb3 Rf8+ 52. Kg6 Kb8 53. h3 Rg8+ 0-1